[Event "Mittelrhein Verbandsliga-W 16/17"]
[Site "Nordrheinwestfalen"]
[Date "2016.11.27"]
[Round "4.4"]
[White "Kinderreich, Toni"]
[Black "Vaerst, Joachim"]
[Result "1/2-1/2"]
[WhiteElo "2076"]
[BlackElo "1967"]
[PlyCount "31"]
[EventDate "2016.09.11"]
[EventType "team-tourn"]
[EventRounds "11"]
[EventCountry "GER"]
[SourceTitle "EXT 2022"]
[Source "ChessBase"]
[SourceDate "2021.10.06"]
[SourceVersion "1"]
[SourceVersionDate "2021.10.06"]
[SourceQuality "1"]
[WhiteTeam "Wuerselen II"]
[BlackTeam "Erftstadt SV"]
[WhiteTeamCountry "GER"]
[BlackTeamCountry "GER"]

1. Nf3 c5 2. d4 cxd4 3. Nxd4 d5 4. c3 Nf6 5. g3 Nc6 6. Bg2 e5 7. Nb3 Be6 8. Bg5 Be7 9. 0-0 0-0 10. N1d2 Qd7 11. Bxf6 gxf6 12. e4 d4 13. f4 dxc3 14. bxc3 Qc7 15. Qf3 Rad8 16. Rfd1 1/2-1/2

[Event "Mittelrhein Verbandsliga-O 1112"]
[Site "Germany"]
[Date "2012.05.06"]
[Round "10"]
[White "Scholzen, Wolfgang"]
[Black "Vaerst, Joachim"]
[Result "1-0"]
[WhiteElo "2078"]
[BlackElo "1971"]
[PlyCount "93"]
[EventDate "2011.09.18"]
[EventType "team-tourn"]
[EventRounds "11"]
[EventCountry "GER"]
[SourceTitle "EXT 2013"]
[Source "ChessBase"]
[SourceDate "2012.11.22"]
[SourceVersion "1"]
[SourceVersionDate "2012.11.22"]
[SourceQuality "1"]
[WhiteTeam "Euskirchen Turm"]
[BlackTeam "Erftstadt SV"]
[WhiteTeamCountry "GER"]
[BlackTeamCountry "GER"]

1. d4 d5 2. Nf3 Nf6 3. e3 Bf5 4. Bd3 Ne4 5. 0-0 e6 6. c4 c6 7. Nc3 Nd7 8. Qc2 Ndf6 9. Ne5 Bg6 10. cxd5 exd5 11. f3 Nxc3 12. bxc3 Bxd3 13. Qxd3 Bd6 14. f4 0-0 15. c4 Bxe5 16. fxe5 Ne4 17. Ba3 Re8 18. Rf4 Qa5 19. Rb1 Rab8 20. cxd5 cxd5 21. Rb5 Qc3 22. Qxc3 Nxc3 23. Rb2 a5 24. Rf1 b5 25. Bd6 Rbc8 26. Rbf2 b4 27. Rxf7 Ne4 28. Ra7 Nxd6 29. exd6 Ra8 30. Rff7 Rxa7 31. Rxa7 Rd8 32. Rxa5 Rxd6 33. Ra4 Rb6 34. Kf2 Kf7 35. Ra7+ Kf6 36. Rd7 Rb5 37. Kf3 Ra5 38. Rd6+ Ke7 39. Rb6 Ra4 40. h4 Kf7 41. g4 h6 42. Kf4 Rxa2 43. Rxb4 Ra3 44. Rb7+ Kf8 45. Rb5 g5+ 46. hxg5 hxg5+ 47. Kf3 1-0

[Event "Troisdorf op"]
[Site "Troisdorf"]
[Date "2002.12.03"]
[Round "6"]
[White "Froitzheim, Ralf"]
[Black "Vaerst, Joachim"]
[Result "1/2-1/2"]
[WhiteElo "1883"]
[BlackElo "1894"]
[PlyCount "31"]
[EventDate "2002.10.??"]
[EventType "swiss"]
[EventRounds "7"]
[EventCountry "GER"]
[SourceTitle "EXT 2005"]
[Source "ChessBase"]
[SourceDate "2004.11.15"]
[SourceVersion "1"]
[SourceVersionDate "2004.11.15"]
[SourceQuality "1"]

1. c4 c5 2. Nc3 b6 3. g3 Bb7 4. e4 g6 5. Bg2 Bg7 6. Nge2 Nc6 7. 0-0 Nh6 8. d3 f5 9. h3 0-0 10. Be3 Nd4 11. Qd2 Nf7 12. f4 d6 13. Rac1 Qd7 14. b3 Nd8 15. Kh2 N8c6 16. Bg1 1/2-1/2